| 000 | 00643nam a2200217Ii 4500 | ||
|---|---|---|---|
| 003 | JO-AjNU | ||
| 008 | 230605s9999||||xx |||||||||||||| ||und|| | ||
| 017 | _a76/4/20 | ||
| 020 | _a977-7075-31-6 | ||
| 040 |
_aJO-AjNU _bara _erda _cJO-AjNU |
||
| 041 | _aara | ||
| 050 | 1 | 4 | _aBF789.Y85 1976 |
| 100 | 3 |
_aأسعد،يوسف ميخائيل, _eauthor _915976 |
|
| 245 | 0 | 0 | _aقوة الإرادة |
| 264 | 3 | 1 | _aالقاهرة:مكتبة غريب، 1976 |
| 300 | _a170ص | ||
| 336 |
_atext _btxt _2rdacontent |
||
| 337 |
_aunmediated _bn _2rdamedia |
||
| 338 |
_avolume _bnc _2rdacarrier |
||
| 650 | 4 |
_aالارادة-جوانب نفسية _915977 |
|
| 999 |
_aA4634 _c8202 _d8202 |
||